| 000 | 00410nam a22001697a 4500 | ||
|---|---|---|---|
| 003 | MACL | ||
| 005 | 20160115151926.0 | ||
| 008 | 160114b xxu||||| |||| 00| 0 eng d | ||
| 040 | _cMACL | ||
| 041 | _aEnglish | ||
| 082 | _a741.642 | ||
| 100 |
_aBhattacharya,Suchitra _932376 |
||
| 245 | _aThe Arakiel Diamond | ||
| 260 |
_aKolkata _bPonytale Book _c2011 |
||
| 650 |
_aChildren Book _932377 |
||
| 942 |
_2ddc _cBK |
||
| 999 |
_c52306 _d52306 |
||